000
00264nam a22000977a 4500
999
_c
11593
_d
11593
008
190801b ||||| |||| 00| 0 eng d
020
_a
9780241365748
100
_a
Cruddas Sarah
_9
7302
245
_a
Find out Solar System
260
_a
London
_b
Penguin Random House
_c
2018